000 00605nam a2200193Ia 4500
003 GCL
008 140319s9999 xx 000 0 ara d
040 _aGCL /
_cGCL
082 0 4 _a219
_bم ا
100 1 _aمحمد عمارة
245 1 0 _aابوالاعلى المودودى والصحوه الاسلامية /
_cمحمد عمارة
260 _a[S.N] :
_bدار الشروق ،
_c1987
300 _a455 ص
490 _a
650 0 4 _aالاسلام
650 0 4 _aالاسلام والاصلاح الاجتماعى
650 0 4 _aالاسلام والوحدة العربية
942 _2ddc
_cBK
999 _c29606
_d29606